000 00522cam a22001934a 4500
005 20250605163553.0
008 250528s ||||||||||||||||||||||||d
035 _a21955
020 _a9789602184080
040 _aGR-AtMCL
_bgre
_dGR-AtMCL
_eAACR2
245 1 _aΠΩΣ ΓΙΝΕΤΑΙ ΜΙΑ ΕΠΙΣΤΗΜΟΝΙΚΗ ΕΡΓΑΣΙΑ;
250 _a1
260 _bΚριτική,
_c2005
300 _a270
700 1 _aΖαφειροπουλος Κωστας
942 _cBK
999 _c7011
_d7011